000 01411nam a22003015i 4500
001 21430790
005 20260606123841.0
008 200213s2020 cau 000 0 eng
010 _a 2020933006
020 _a9789353883256
_q(paperback)
020 _z9789353883263
_q(epub)
035 _a21430790
040 _aDLC
_beng
_erda
_cDLC
042 _apcc
082 _a332.6327
100 1 _aKumar, Abhishek,
_eauthor.
245 1 0 _aIndex investing :
_ba low cost, low risk strategy to investment success /
_cAbhishek Kumar.
263 _a2003
264 1 _aThousand Oaks :
_bSAGE,
_c2020.
336 _atext
_btxt
_2rdacontent
337 _aunmediated
_bn
_2rdamedia
338 _avolume
_bnc
_2rdacarrier
520 _a"Most investors get it wrong when it comes to understanding the nuances of the equity market. It is not that they are ignorant or lack the requisite skills to understand the factors affecting the equity market, but mainly because they learn misleading information from the market players and financial intermediaries. Consecutively, these entities thrive and flourish while the investor is left to stare at the market in dismay, wondering where all the money has gone"--
_cProvided by publisher.
856 _uhttps://sk.sagepub.com/books/index-investing
_yRead SAGE E-Book
906 _a0
_bibc
_corignew
_d2
_eepcn
_f20
_gy-gencatlg
942 _2ddc
_cEBOOK
999 _c44734
_d44734